000 00249nam a22001097a 4500
008 131127t xxu||||| |||| 00| 0 eng d
020 _a0-7166-0298-9
245 _aWorld book dictionary
260 _aWorld book inc.
300 _aBook
942 _2ddc
_cBK
999 _c16559
_d16559